Xây dựng thẻ điểm cân bằng cho trường mầm non Xuân Mai : Luận văn Thạc sĩ - Chuyên ngành : Kế toán

Αποθηκεύτηκε σε:
Λεπτομέρειες βιβλιογραφικής εγγραφής
Κύριος συγγραφέας: Hồ, Thị Cẩm Nhung
Μορφή: Luận văn
Γλώσσα:Undetermined
Έκδοση: Đại học Công Nghiệp TP. Hồ Chí Minh 2021
Θέματα:
Διαθέσιμο Online:https://opac.iuh.edu.vn/TraCuuTaiLieuSo2XemChiTiet.aspx?Id=113083
Ετικέτες: Προσθήκη ετικέτας
Δεν υπάρχουν, Καταχωρήστε ετικέτα πρώτοι!
Thư viện lưu trữ: Trung tâm Thư viện - Trường Đại học Công nghiệp TP. Hồ Chí Minh
LEADER 00720nam a2200169Ia 4500
001 UIH_02106
008 230809s9999 xx 000 0 und d
082 |a 657 
100 |a Hồ, Thị Cẩm Nhung 
245 0 |a Xây dựng thẻ điểm cân bằng cho trường mầm non Xuân Mai : Luận văn Thạc sĩ - Chuyên ngành : Kế toán 
245 0 |c Hồ, Thị Cẩm Nhung 
260 |b Đại học Công Nghiệp TP. Hồ Chí Minh 
260 |c 2021 
650 |a Kế toán; 
856 |u https://opac.iuh.edu.vn/TraCuuTaiLieuSo2XemChiTiet.aspx?Id=113083 
927 |a Luận văn 
980 |a Trung tâm Thư viện - Trường Đại học Công nghiệp TP. Hồ Chí Minh